[Event "Calimanesti ROM, Ch U8 (g) 2014"]
[Site "Calimanesti ROM"]
[Date "2014.04.08"]
[Round "3.2"]
[White "Trifan, Lara-Teodora"]
[Black "Angheluta, Diana"]
[Result "1-0"]
[WhiteElo "1001"]
[BlackElo "1155"]
[PlyCount "91"]
[EventDate "2014.04.06"]
[EventType "swiss"]
[EventRounds "9"]
[EventCountry "ROM"]

1. e4 d5 2. exd5 Qxd5 3. Nc3 Qa5 4. Nf3 c6 5. Be2 Bf5 6. d3 e6 7. Bd2 Qc7 8. h3
Bd6 9. O-O Nf6 10. a3 Nbd7 11. Ne4 Nxe4 12. dxe4 Bxe4 13. Bc4 O-O 14. Qe2 Bxc2
15. Rac1 Bf5 16. Qe1 Nb6 17. Bb3 Bd3 18. Ba5 Bxf1 19. Qxf1 Rfd8 20. Qe2 Rd7 21.
Bc2 Rad8 22. Bc3 Bf4 23. Re1 Nd5 24. Bd4 b6 25. Qe4 c5 26. Qxh7+ Kf8 27. Qxg7+
Ke7 28. Bc3 Nxc3 29. bxc3 Qc8 30. Bg6 Rf8 31. g3 Bd6 32. Ng5 Qe8 33. Rxe6+ Kd8
34. Rxe8+ Rxe8 35. Bxf7 Re2 36. Ne6+ Kc8 37. Qg8+ Kb7 38. Nd8+ Kc7 39. Ne6+ Kb7
40. Qe8 Re7 41. Nd8+ Kc8 42. Qg8 Kd7 43. Nb7 Re1+ 44. Kg2 R7e2 45. Bd5 Rd2 46.
Qd8# 1-0

[Event "Calimanesti ROM, Ch U8 (g) 2014"]
[Site "Calimanesti ROM"]
[Date "2014.04.07"]
[Round "2.2"]
[White "Angheluta, Diana"]
[Black "Puia, Alexia-Teodora"]
[Result "1-0"]
[WhiteElo "1155"]
[BlackElo "1017"]
[PlyCount "83"]
[EventDate "2014.04.06"]
[EventType "swiss"]
[EventRounds "9"]
[EventCountry "ROM"]

1. c4 c5 2. Nc3 Nc6 3. e4 e5 4. g3 Nf6 5. Bg2 g6 6. Nge2 Bg7 7. O-O O-O 8. d3
d6 9. h3 Bd7 10. Kh2 Nd4 11. f4 exf4 12. gxf4 Re8 13. a3 Qe7 14. b4 b6 15. e5
dxe5 16. Bxa8 Rxa8 17. Be3 Qe6 18. Ng1 exf4 19. Bxf4 Nh5 20. Qe1 Qc6 21. Qe4
Qc8 22. bxc5 bxc5 23. Nd5 Qd8 24. Bc7 Qg5 25. Ne7+ Kf8 26. Qxa8+ Be8 27. Rae1
Qd2+ 28. Qg2 Qxd3 29. Qe4 Qd2+ 30. Qg2 Qd3 31. Bd6 Qxc4 32. Nxg6+ Kg8 33. Rxe8+
Bf8 34. Rxf8+ Kg7 35. Ne5+ Kh6 36. Nxc4 Nb5 37. Ne5 Nxd6 38. Nxf7+ Nxf7 39.
R1xf7 c4 40. Rg8 Ng7 41. Qxg7+ Kh5 42. Qg5# 1-0

[Event "Calimanesti ROM, Ch U8 (g) 2014"]
[Site "Calimanesti ROM"]
[Date "2014.04.06"]
[Round "1.2"]
[White "Ciocan, Ariana-Roxana"]
[Black "Angheluta, Diana"]
[Result "0-1"]
[WhiteElo "1001"]
[BlackElo "1155"]
[PlyCount "54"]
[EventDate "2014.04.06"]
[EventType "swiss"]
[EventRounds "9"]
[EventCountry "ROM"]

1. e4 d5 2. exd5 Qxd5 3. Nc3 Qa5 4. d4 c6 5. Nf3 Bf5 6. Bc4 e6 7. Bf4 Be7 8.
O-O Nf6 9. Qe2 Nbd7 10. Ne5 O-O 11. Nxd7 Nxd7 12. Qf3 Bxc2 13. Qg3 Qb6 14. Bh6
Bf6 15. Rac1 Qxb2 16. Ra1 Bxd4 17. Ne2 Bg6 18. Bf4 Bf6 19. Rfe1 Qb4 20. Bb3
Bxa1 21. Rxa1 Rfd8 22. Rd1 Nc5 23. Ra1 Rd3 24. Qg4 e5 25. Bxe5 Qxg4 26. Nc1
Rd1+ 27. Bxd1 Qxd1# 0-1

[Event "CN Juniori 2013 - F8"]
[Site "Calimanesti-Caciulata"]
[Date "2013.04.08"]
[Round "9.5"]
[White "Angheluta, Diana"]
[Black "Cismaru, Alexandra-Nicola"]
[Result "0-1"]
[WhiteElo "1021"]
[BlackElo "1156"]
[PlyCount "46"]
[EventDate "2013.04.02"]
[EventRounds "9"]

1. c4 e5 2. e4 Nf6 3. Nc3 Bc5 4. g3 O-O 5. Bg2 h6 6. Nge2 Re8 7. O-O Nc6 8. d3
Ne7 9. a3 Ng6 10. Rb1 d6 11. b4 Bb6 12. a4 a6 13. a5 Ba7 14. b5 Be6 15. h3 Qd7
16. b6 Bb8 17. Qb3 Bxh3 18. Kh2 Bxg2 19. Kxg2 Qg4 20. f3 Nh4+ 21. Kh1 Nxf3 22.
Rf2 Qh3+ 23. Rh2 Qxh2# 0-1

[Event "Calimanesti , ChampionshipU8"]
[Site "?"]
[Date "2013.04.07"]
[Round "?"]
[White "Dragomir, Carmen-Teodora"]
[Black "Angheluta, Diana"]
[Result "0-1"]
[WhiteElo "1068"]
[BlackElo "1021"]
[PlyCount "106"]
[EventDate "2013.??.??"]

1. e4 d5 2. Nc3 c6 3. exd5 cxd5 4. Be2 Nf6 5. Nf3 e6 6. O-O Bd6 7. Nb5 a6 8.
Nxd6+ Qxd6 9. d4 O-O 10. Bd2 Bd7 11. Qc1 Bb5 12. Bf4 Qd7 13. Ne5 Qe8 14. Nd3
Nc6 15. Bf3 Nxd4 16. Bd1 Rc8 17. c3 Bxd3 18. Re1 Ne4 19. Qe3 Nf5 20. Qxd3 Qb5
21. Qc2 d4 22. Rxe4 d3 23. Qd2 Nh4 24. g3 Qd5 25. f3 f5 26. Re3 Ng6 27. Bg5 h6
28. Rxd3 Qc5+ 29. Be3 Qc7 30. Rd7 Qe5 31. Bd4 Qb5 32. Rd6 Rcd8 33. a4 Qe8 34.
Bc5 Rxd6 35. Qxd6 Rf6 36. Bb3 Kh7 37. Qb6 Rf7 38. Re1 Qd7 39. Bxe6 Qd2 40. Bf2
Re7 41. Bg8+ Kxg8 42. Rxe7 Qd1+ 43. Kg2 Nxe7 44. Qxb7 Ng6 45. Qc8+ Kh7 46. Qxa6
Ne5 47. Kh3 Qxf3 48. Bc5 Ng6 49. Bd6 Nh8 50. b4 Nf7 51. Qc4 Ng5+ 52. Kh4 Qg2
53. h3 Qxh3# 0-1

[Event "CN Juniori 2013 - F8"]
[Site "Calimanesti-Caciulata"]
[Date "2013.04.06"]
[Round "7.4"]
[White "Angheluta, Diana"]
[Black "Stan, Luciana-Gabriela"]
[Result "0-1"]
[WhiteElo "1021"]
[BlackElo "1037"]
[PlyCount "56"]
[EventDate "2013.04.02"]
[EventRounds "9"]

1. c4 c6 2. e4 d5 3. Qc2 e5 4. Nc3 Nf6 5. d3 Be6 6. b3 Be7 7. Nf3 O-O 8. Nxe5
Qa5 9. Bd2 d4 10. Ne2 Qxe5 11. Bf4 Qa5+ 12. Bd2 Qd8 13. O-O-O b5 14. e5 Nfd7
15. f4 f6 16. g3 fxe5 17. fxe5 Nxe5 18. Bg2 Nbd7 19. Nf4 Bf5 20. cxb5 cxb5 21.
Bxa8 Qxa8 22. Qc7 Rc8 23. Qxc8+ Qxc8+ 24. Kb2 Nxd3+ 25. Nxd3 Bxd3 26. Rhe1 Qc2+
27. Ka1 Ba3 28. Bc1 Qb1# 0-1

[Event "CN Juniori 2013 - F8"]
[Site "Calimanesti-Caciulata"]
[Date "2013.04.05"]
[Round "6.6"]
[White "Angheluta, Diana"]
[Black "Mihut, Maria-Emilia"]
[Result "1-0"]
[WhiteElo "1021"]
[BlackElo "1242"]
[PlyCount "131"]
[EventDate "2013.04.02"]
[EventRounds "9"]

1. c4 c5 2. d3 Nc6 3. e4 e6 4. Nc3 Nf6 5. Nge2 d5 6. Bg5 Be7 7. g3 d4 8. Na4 h6
9. Bd2 a6 10. b3 O-O 11. Bg2 Rb8 12. O-O e5 13. f4 Bd6 14. fxe5 Bxe5 15. Nxc5
Qd6 16. Na4 Qa3 17. Qc1 Qe7 18. Bf4 b5 19. Nb2 Bg4 20. Bxe5 Qxe5 21. Nf4 Nh5
22. Nxh5 Qxh5 23. cxb5 Qxb5 24. Qc4 Qxc4 25. Nxc4 Nb4 26. Ne5 Be2 27. Rf2 Nxd3
28. Nxd3 Bxd3 29. Rd2 Bb5 30. Rxd4 Rfe8 31. Rb4 Bc6 32. Rxb8 Rxb8 33. e5 Bxg2
34. Kxg2 Re8 35. Re1 f6 36. e6 Kf8 37. Kf3 g5 38. Kg4 Ke7 39. Kf5 Rd8 40. Rc1
Rd5+ 41. Kg6 Kxe6 42. Kxh6 Kf7 43. Rc7+ Ke6 44. Rc6+ Rd6 45. Rxd6+ Kxd6 46. Kg6
Ke5 47. h4 gxh4 48. gxh4 f5 49. h5 f4 50. h6 f3 51. h7 f2 52. h8=Q+ Ke4 53.
Qe8+ Kf3 54. Qf7+ Kg2 55. Qd5+ Kg1 56. Qd4 Kg2 57. Qg4+ Kf1 58. Kf5 Ke1 59.
Qe4+ Kd1 60. Qf3+ Ke1 61. Qe3+ Kf1 62. Kf4 Kg2 63. Qg3+ Kh1 64. Qxf2 a5 65. Kg3
a4 66. Qg2# 1-0

[Event "CN Juniori 2013 - F8"]
[Site "Calimanesti-Caciulata"]
[Date "2013.04.05"]
[Round "5.4"]
[White "Otetea, Ioana"]
[Black "Angheluta, Diana"]
[Result "1-0"]
[WhiteElo "1199"]
[BlackElo "1021"]
[PlyCount "61"]
[EventDate "2013.04.02"]
[EventRounds "9"]

1. e4 d5 2. exd5 Qxd5 3. Nc3 Qa5 4. d4 c6 5. Bf4 Nd7 6. Nf3 Ngf6 7. Bd3 Nd5 8.
Bd2 Nxc3 9. Bxc3 Qc7 10. O-O g6 11. d5 f6 12. Bc4 Bg7 13. Re1 Qd6 14. Qd2 O-O
15. Bb4 c5 16. Bc3 Nb6 17. Bb3 c4 18. Bb4 Qc7 19. Rxe7 Qd8 20. Rd1 cxb3 21.
axb3 Bg4 22. Rxb7 Bxf3 23. Bxf8 Bxf8 24. gxf3 Bd6 25. Qh6 Bc7 26. d6 Rc8 27.
Qd2 Bb8 28. Re7 Rc5 29. Qh6 Rg5+ 30. Kh1 Qxe7 31. dxe7 1-0

[Event "CN Juniori 2013 - F8"]
[Site "Calimanesti-Caciulata"]
[Date "2013.04.04"]
[Round "4.7"]
[White "Kiss, Alexandra-Maria"]
[Black "Angheluta, Diana"]
[Result "0-1"]
[WhiteElo "1022"]
[BlackElo "1021"]
[PlyCount "76"]
[EventDate "2013.04.02"]
[EventRounds "9"]

1. e4 e5 2. Nf3 Nc6 3. Bc4 Nf6 4. Ng5 d5 5. exd5 Nxd5 6. d3 h6 7. Ne4 Be7 8.
O-O O-O 9. Bxd5 Qxd5 10. Nbc3 Qd8 11. Ne2 Bg4 12. c3 Bf5 13. N2g3 Bh7 14. Be3
Bh4 15. Qf3 Qxd3 16. Qg4 Bxg3 17. hxg3 Qxe4 18. Qxe4 Bxe4 19. Bc5 Rfd8 20. f3
Bh7 21. Rfe1 f6 22. Rec1 Rd5 23. Be3 Rad8 24. c4 Rd3 25. Bc5 b6 26. Bf2 Rd2 27.
Rab1 Bxb1 28. Rxb1 Rd1+ 29. Rxd1 Rxd1+ 30. Kh2 Rd2 31. Be3 Rxb2 32. a3 Rb3 33.
Bc1 Rc3 34. Bb2 Rxc4 35. f4 exf4 36. gxf4 Rxf4 37. g3 Rf2+ 38. Kh3 Rxb2 0-1

[Event "CN Juniori 2013 - F8"]
[Site "Calimanesti-Caciulata"]
[Date "2013.04.03"]
[Round "3.6"]
[White "Angheluta, Diana"]
[Black "Hejja, Irisz-Hanna"]
[Result "1/2-1/2"]
[WhiteElo "1021"]
[BlackElo "1110"]
[PlyCount "102"]
[EventDate "2013.04.02"]
[EventRounds "9"]

1. c4 e5 2. d3 Bc5 3. g3 Nf6 4. Bg2 d6 5. Nf3 Nc6 6. O-O Be6 7. Bg5 h6 8. Bd2
Qd7 9. Nc3 Bh3 10. a3 Bxg2 11. Kxg2 Nd4 12. Be3 Qc6 13. b4 Bb6 14. b5 Qd7 15.
a4 Qg4 16. h3 Qg6 17. a5 Bc5 18. Na4 h5 19. Nxc5 dxc5 20. Nxe5 Qf5 21. Bxd4
cxd4 22. Nf3 Qg6 23. Nxd4 h4 24. g4 Rh5 25. Qd2 Nxg4 26. hxg4 Qxg4+ 27. Kh2
Qxd4 28. Qe3+ Qxe3 29. fxe3 Ke7 30. Rf2 Rah8 31. Raf1 Rg5 32. Rxf7+ Kd6 33. d4
h3 34. c5+ Kd5 35. R1f5+ Rxf5 36. Rxf5+ Ke4 37. Rf3 g5 38. Rxh3 Rxh3+ 39. Kxh3
Kf5 40. d5 Ke5 41. b6 axb6 42. axb6 cxb6 43. cxb6 Kxd5 44. Kg4 Kc5 45. Kxg5
Kxb6 46. e4 Kc7 47. Kf6 b5 48. e5 b4 49. e6 b3 50. e7 b2 51. e8=Q b1=Q 1/2-1/2

[Event "CN Juniori 2013 - F8"]
[Site "Calimanesti-Caciulata"]
[Date "2013.04.03"]
[Round "2.11"]
[White "Moldovan, Andrada"]
[Black "Angheluta, Diana"]
[Result "0-1"]
[WhiteElo "1001"]
[BlackElo "1021"]
[PlyCount "46"]
[EventDate "2013.04.02"]
[EventRounds "9"]

1. e4 e5 2. Nf3 Nc6 3. Nc3 Nf6 4. Bb5 d6 5. d4 Qe7 6. dxe5 dxe5 7. Be3 Bd7 8.
O-O O-O-O 9. b4 a6 10. Bc4 Nxb4 11. a3 Nc6 12. Nd5 Qd6 13. Nxf6 Qxf6 14. Qb1
Qg6 15. Qb3 Na5 16. Qb2 Nxc4 17. Qb3 Nxe3 18. Rab1 b6 19. fxe3 Bh3 20. Kf2
Qxg2+ 21. Ke1 Be7 22. Nxe5 Bh4+ 23. Rf2 Qxf2# 0-1

[Event "CN Juniori 2013 - F8"]
[Site "Calimanesti-Caciulata"]
[Date "2013.04.02"]
[Round "1.6"]
[White "Angheluta, Diana"]
[Black "Vulpe, Raisa Georgiana"]
[Result "0-1"]
[WhiteElo "1021"]
[BlackElo "1148"]
[PlyCount "78"]
[EventDate "2013.04.02"]
[EventRounds "9"]

1. c4 e5 2. d3 Nf6 3. g3 Bb4+ 4. Bd2 Nc6 5. Bg2 O-O 6. Bxc6 Bxd2+ 7. Nxd2 dxc6
8. Ngf3 Qd6 9. O-O Bh3 10. Re1 Qe6 11. Ng5 Qg4 12. Ndf3 Rfe8 13. e3 Rad8 14.
Qe2 e4 15. dxe4 Nxe4 16. Nxe4 Rxe4 17. Nd2 Qxe2 18. Rxe2 Re7 19. Rd1 Bg4 20.
Ree1 Bxd1 21. Rxd1 Red7 22. a4 Rxd2 23. Rxd2 Rxd2 24. b4 Ra2 25. a5 a6 26. Kg2
b6 27. axb6 cxb6 28. Kf3 a5 29. c5 bxc5 30. bxc5 a4 31. Ke4 Rxf2 32. Ke5 a3 33.
Kd6 Rf6+ 34. Kc7 a2 35. e4 a1=Q 36. e5 Qxe5+ 37. Kb6 Qb8+ 38. Ka6 Rf1 39. h3
Ra1# 0-1